| 000 | 00835nam a2200265 a 4500 | ||
|---|---|---|---|
| 001 | 8643 | ||
| 003 | BD-RjUL | ||
| 005 | 20211208234626.0 | ||
| 008 | 140119s1965 enka b 001 0 eng d | ||
| 020 | _a070518009 : | ||
| 035 | _a(BD-RjUL)8688 | ||
| 040 |
_aDLC _cDLC _dm.c _dBD-RjUL _beng |
||
| 041 | _aeng | ||
| 082 | 0 | 0 |
_a536.7 _bREF 1965 _223 |
| 100 | 1 |
_aReif, F. _q(Frederick), _d1927- _926926 |
|
| 245 | 1 | 0 |
_aFundamentals of statistical and thermal physics / _cby F. Reif |
| 260 |
_aLondon : _bMcGraw-Hill, _c1965. |
||
| 300 |
_ax, 651 p. : _bill. ; _c23 cm. |
||
| 490 | _aMcGraw-Hill series in fundamentals of physics | ||
| 504 | _aIncludes bibliography and index. | ||
| 650 |
_aStatistical thermodynamics _9212710 |
||
| 830 | 0 |
_aMcGraw-Hill series in fundamentals of physics _9212711 |
|
| 942 |
_2ddc _cBK |
||
| 999 |
_c8643 _d8643 |
||